| 000 | 01001cad a22002535a 4500 | ||
|---|---|---|---|
| 001 | E155039 | ||
| 008 | 120221s2005 xxk f 000 0 eng d | ||
| 035 | _a(Sirsi) u155039 | ||
| 041 | 0 | _aeng | |
| 110 | 2 |
_aEnglish Heritage _92714 |
|
| 245 | 0 | 0 |
_aEasy access to historic landscapes _h[electronic resource] |
| 260 |
_aSwindon _bEnglish Heritage _c2005 |
||
| 520 | _aExplains how owners and managers of historic landscapes can make them more accessible to visitors and sets out the relevant legislation relating to access. | ||
| 651 | 4 |
_aUnited Kingdom _y |
|
| 690 |
_aLand use _96251 |
||
| 690 | _aConservation and restoration | ||
| 710 | 1 |
_aHeritage Lottery Fund _93903 |
|
| 710 | 1 | _aSensory Trust | |
| 710 | 1 |
_aHistoric Houses Association _92072 |
|
| 710 | 1 |
_aHistoric Scotland _92914 |
|
| 710 | 1 |
_aNational Trust _91987 |
|
| 856 | 4 | 0 |
_uhttps://www.historic-scotland.gov.uk/publicationsresultsdetail.htm?id=4f42fad4d _zView the item free of charge at www.historic-scotland.gov.uk |
| 942 | _n0 | ||
| 999 |
_c113292 _d113292 |
||